000 00528nam a2200193 a 4500
005 20140310183157.0
008 021016s19uu xx 00 eng d
020 _a9814119610
050 _aQA 76.9.D3
_b.M62 2002
100 _aHoffer, Jeffrey A.
245 _aModern database management /
_cJeffrey A. Hoffer.
260 _aNew Jersey :
_bPearson Education,
_c2002.
300 _a638 p. :
_bill. ;
_c25 cm.
521 _aIT
546 _aC1274
546 _aC6111
650 _aDatabase management
942 _cBK
_2lcc
_kFOR
999 _c19801
_d19801